| 000 | 00649nam a2200205 i 4500 | ||
|---|---|---|---|
| 001 | bg | ||
| 245 | 0 | 0 |
_aWho's who in the European Union? : _binterinstitutional directory / _cOffice for Official Publications of the European Communities. |
| 260 |
_aLuxembourg : _bOOPEC, _c1998. |
||
| 300 |
_aXIII, 376 s. ; _c30 cm. |
||
| 610 | 2 | 9 | _aUnia Europejska |
| 655 | _aInformatory | ||
| 710 | 0 | _aOffice for Official Publications of the European Communities | |
| 020 | _a9282825051 | ||
| 040 | _cBPK | ||
| 041 | 0 | _aen | |
| 080 | _a339.923:061.1A/Z](4-67)(058) | ||
| 920 | _a92-828-2505-1 | ||
| 942 | _cKS | ||
| 008 | s pl f |000 0 pol | ||
| 999 |
_c34032 _d34032 |
||